[Event "34th European Club Cup 2018"]
[Site "Halkidiki"]
[Date "2018.10.12"]
[Round "1"]
[White "Yu, Yangyi"]
[Black "Beerdsen, Thomas"]
[Result "1-0"]
[WhiteElo "2765"]
[BlackElo "2460"]
[Annotator "TA"]
[PlyCount "63"]
[EventDate "2018.10.12"]
[EventType "team-tourn"]
[EventCountry "GRE"]
[SourceTitle "playchess.com"]
[Source "ChessBase"]
[SourceQuality "1"]
[WhiteTeam "Alkaloid"]
[BlackTeam "Apeldoorn"]

1. d4 Nf6 2. c4 e6 3. g3 d5 4. Bg2 Bb4+ 5. Nd2 O-O 6. Ngf3 Nbd7 7. O-O b6 8. b3 Bb7 9. Bb2 Ne4 10. Qc2 f5 11. e3 a5 12. a3 Bd6 13. Ne5 Bxe5 14. dxe5 Nxd2 15. Qxd2 Nc5 16. Qc2 Ne4 17. f3 Ng5 18. c5 b5 19. c6 Ba6 20. Rfc1 Qe8 21. h4 Nf7 22. Bd4 a4 23. b4 Nd8 24. Bf1 Qh5 25. Be2 Nf7 26. Kg2 Rfb8 27. Ra2 Nd8 28. Qd1 Qe8 29. Rac2 Bc8 30. Qf1 Ba6 31. Bd3 Qh5 32. Qe2 1-0

[Event "34th European Club Cup 2018"]
[Site "Halkidiki"]
[Date "2018.10.12"]
[Round "1"]
[White "Jakovenko, Dmitry"]
[Black "Van Delft, Merijn"]
[Result "1-0"]
[WhiteElo "2752"]
[BlackElo "2381"]
[Annotator "TA"]
[PlyCount "43"]
[EventDate "2018.10.12"]
[EventType "team-tourn"]
[EventCountry "GRE"]
[SourceTitle "playchess.com"]
[Source "ChessBase"]
[SourceQuality "1"]
[WhiteTeam "Alkaloid"]
[BlackTeam "Apeldoorn"]

1. d4 d5 2. c4 c6 3. Nc3 Nf6 4. e3 e6 5. Nf3 Nbd7 6. Qc2 b6 7. Bd3 Bb7 8. O-O Be7 9. Rd1 Qc7 10. b3 O-O 11. Bb2 h6 12. Rac1 Rac8 13. Qe2 Qb8 14. Bb1 Rfd8 15. Ne5 Nxe5 16. dxe5 Nd7 17. f4 Nf8 18. Rf1 b5 19. cxd5 exd5 20. Qg4 c5 21. f5 Bg5 22. Nd1 1-0

[Event "34th European Club Cup 2018"]
[Site "Halkidiki"]
[Date "2018.10.12"]
[Round "1"]
[White "Fedoseev, Vladimir"]
[Black "Ledger, Andrew J"]
[Result "1-0"]
[WhiteElo "2713"]
[BlackElo "2353"]
[Annotator "TA"]
[PlyCount "47"]
[EventDate "2018.10.12"]
[EventType "team-tourn"]
[EventCountry "GRE"]
[SourceTitle "playchess.com"]
[Source "ChessBase"]
[SourceQuality "1"]
[WhiteTeam "St.Petersburg"]
[BlackTeam "Blackthorne"]

1. e4 c6 2. d4 d5 3. e5 Bf5 4. Nd2 e6 5. Nb3 Nd7 6. Nf3 Ne7 7. c3 Ng6 8. Be3 Nh4 9. Nxh4 Qxh4 10. Be2 Qe4 11. h4 h6 12. h5 Be7 13. Rc1 Nxe5 14. dxe5 Qxe5 15. Qd4 Qxd4 16. cxd4 Bb4+ 17. Bd2 Bd6 18. g4 Bh7 19. Rh3 Kd7 20. Na5 Rab8 21. Rb3 Kc7 22. Ba6 bxa6 23. Rxc6+ Kd7 24. Rxd6+ 1-0

[Event "34th European Club Cup 2018"]
[Site "Halkidiki"]
[Date "2018.10.12"]
[Round "1"]
[White "Vallejo Pons, Francisco"]
[Black "Rosenkilde, Alexander"]
[Result "1-0"]
[WhiteElo "2713"]
[BlackElo "2239"]
[Annotator "TA"]
[PlyCount "71"]
[EventDate "2018.10.12"]
[EventType "team-tourn"]
[EventCountry "GRE"]
[SourceTitle "playchess.com"]
[Source "ChessBase"]
[SourceQuality "1"]
[WhiteTeam "Padova"]
[BlackTeam "Jetsmark"]

1. c4 e5 2. g3 Nc6 3. Bg2 Bc5 4. Nc3 a6 5. e3 Ba7 6. Nf3 Nf6 7. d4 exd4 8. Nxd4 Ne5 9. b3 O-O 10. O-O d6 11. h3 Rb8 12. a4 Bd7 13. Qc2 Re8 14. Rd1 Qc8 15. Kh2 Nc6 16. Nce2 Nb4 17. Qc3 Bc5 18. Bb2 Re7 19. Nf4 Qf8 20. Nc2 Nc6 21. b4 Ba7 22. b5 Ne5 23. Nb4 Bf5 24. Nbd5 Nxd5 25. Nxd5 Rd7 26. f4 Ng6 27. e4 Be6 28. Nb4 f5 29. bxa6 bxa6 30. Nc6 Ra8 31. Nxa7 Rxa7 32. Re1 fxe4 33. Bxe4 Bf5 34. Bc6 Re7 35. Qd4 Ra8 36. Bxa8 1-0

[Event "34th European Club Cup 2018"]
[Site "Halkidiki"]
[Date "2018.10.12"]
[Round "1"]
[White "Ragger, Markus"]
[Black "Dek, Lennart"]
[Result "1-0"]
[WhiteElo "2690"]
[BlackElo "2304"]
[Annotator "TA"]
[PlyCount "49"]
[EventDate "2018.10.12"]
[EventType "team-tourn"]
[EventCountry "GRE"]
[SourceTitle "playchess.com"]
[Source "ChessBase"]
[SourceQuality "1"]
[WhiteTeam "Novy Bor"]
[BlackTeam "Deloitte"]

1. e4 c5 2. Nf3 Nc6 3. d4 cxd4 4. Nxd4 Nf6 5. Nc3 e5 6. Ndb5 d6 7. Nd5 Nxd5 8. exd5 Nb8 9. a4 Be7 10. Be2 O-O 11. O-O f5 12. f4 a6 13. Na3 Nd7 14. Kh1 Bf6 15. Nc4 exf4 16. Bxf4 Ne5 17. Bxe5 dxe5 18. a5 e4 19. Nb6 Be5 20. d6 Be6 21. Bc4 Bxc4 22. Nxc4 Bf6 23. Rxf5 Rc8 24. Qd5+ Kh8 25. Re1 1-0

[Event "34th European Club Cup 2018"]
[Site "Halkidiki"]
[Date "2018.10.12"]
[Round "1"]
[White "Howell, David W L"]
[Black "Burg, Twan"]
[Result "1/2-1/2"]
[WhiteElo "2689"]
[BlackElo "2517"]
[Annotator "TA"]
[PlyCount "114"]
[EventDate "2018.10.12"]
[EventType "team-tourn"]
[EventCountry "GRE"]
[SourceTitle "playchess.com"]
[Source "ChessBase"]
[SourceQuality "1"]
[WhiteTeam "Valerenga"]
[BlackTeam "Echiquier Amaytois"]

1. c4 e5 2. g3 Nf6 3. Bg2 d5 4. cxd5 Nxd5 5. Nf3 Nc6 6. O-O Be7 7. d4 e4 8. Ne5 f5 9. Nxc6 bxc6 10. Qc2 Qd6 11. Nd2 O-O 12. Nc4 Qe6 13. Na5 Nb4 14. Qc3 c5 15. dxc5 Nxa2 16. Qa3 Nxc1 17. Rfxc1 Bf6 18. e3 Ba6 19. Rab1 Rfd8 20. b4 Bd3 21. Bf1 Bxf1 22. Rxf1 Rd3 23. Qa4 Rad8 24. Nc6 R8d7 25. b5 f4 26. exf4 e3 27. fxe3 Qxe3+ 28. Kh1 Qxc5 29. Qa2+ Kh8 30. Rbe1 Re3 31. Qxa7 Qd5+ 32. Kg1 Rxe1 33. Rxe1 h6 34. Qe3 Kh7 35. Qe4+ Qxe4 36. Rxe4 Rd1+ 37. Kg2 Rd2+ 38. Kh3 h5 39. Rc4 Rd5 40. Na7 Bd4 41. Rxc7 Bxa7 42. Rxa7 Rxb5 43. Kh4 Kh6 44. h3 Rb4 45. Ra6+ g6 46. Rf6 Ra4 47. g4 Rxf4 48. Rxf4 g5+ 49. Kg3 gxf4+ 50. Kxf4 hxg4 51. hxg4 Kg6 52. g5 Kf7 53. Kf5 Kg7 54. g6 Kg8 55. Kf6 Kf8 56. g7+ Kg8 57. Ke6 Kxg7 1/2-1/2

[Event "34th European Club Cup 2018"]
[Site "Halkidiki"]
[Date "2018.10.12"]
[Round "1"]
[White "Rodshtein, Maxim"]
[Black "Duncan, Chris R"]
[Result "1-0"]
[WhiteElo "2674"]
[BlackElo "2236"]
[Annotator "TA"]
[PlyCount "89"]
[EventDate "2018.10.12"]
[EventType "team-tourn"]
[EventCountry "GRE"]
[SourceTitle "playchess.com"]
[Source "ChessBase"]
[SourceQuality "1"]
[WhiteTeam "St.Petersburg"]
[BlackTeam "Blackthorne"]

1. d4 d5 2. c4 c6 3. Nf3 Nf6 4. g3 Bf5 5. Nc3 e6 6. Nh4 Be4 7. f3 Bg6 8. Qb3 Qb6 9. c5 Qxb3 10. axb3 Nbd7 11. b4 e5 12. e3 Be7 13. b5 O-O 14. Nxg6 hxg6 15. b4 Rfc8 16. Bh3 Rd8 17. Kf2 g5 18. bxc6 bxc6 19. Ra6 g4 20. Bxg4 Nxg4+ 21. fxg4 Bf6 22. Rd1 Rdc8 23. Ne2 Rc7 24. Bd2 Rb8 25. Rda1 Rbb7 26. h4 Nb8 27. g5 Nxa6 28. Rxa6 Bd8 29. dxe5 Re7 30. Nd4 Rxe5 31. Nxc6 Re8 32. Nxa7 Bc7 33. Nc6 Re4 34. Kf3 Kh7 35. Bc3 Bxg3 36. h5 Re6 37. Bd4 Bc7 38. Ra7 Rxa7 39. Nxa7 Bb8 40. Nc8 Kg8 41. b5 f6 42. gxf6 gxf6 43. Nb6 Kf7 44. Nxd5 f5 45. c6 1-0

[Event "34th European Club Cup 2018"]
[Site "Halkidiki"]
[Date "2018.10.12"]
[Round "1"]
[White "Edouard, Romain"]
[Black "Jakubiec, Artur"]
[Result "1/2-1/2"]
[WhiteElo "2646"]
[BlackElo "2508"]
[Annotator "TA"]
[PlyCount "75"]
[EventDate "2018.10.12"]
[EventType "team-tourn"]
[EventCountry "GRE"]
[SourceTitle "playchess.com"]
[Source "ChessBase"]
[SourceQuality "1"]
[WhiteTeam "KGSRL"]
[BlackTeam "Wirtzfeld"]

1. d4 f5 2. Bg5 h6 3. Bd2 Nf6 4. e3 e6 5. Be2 Qe7 6. c4 d6 7. Nc3 g6 8. Qc2 Bg7 9. g4 e5 10. dxe5 dxe5 11. gxf5 Bxf5 12. e4 Be6 13. Nd5 Qf7 14. Ba5 O-O 15. Nxc7 Nc6 16. Nxe6 Qxe6 17. Bc3 Rad8 18. h4 Nd4 19. Bxd4 exd4 20. f3 Nh5 21. Bd3 Be5 22. O-O-O Kg7 23. Kb1 b6 24. Qg2 Qf6 25. Qc2 Qe6 26. Qg2 Qf6 27. Qc2 Qd6 28. Qg2 Rf6 29. Ne2 Rdf8 30. Rhf1 Nf4 31. Nxf4 Rxf4 32. h5 g5 33. Rc1 Qe7 34. Be2 Kh8 35. Bd3 R4f6 36. a3 Rf4 37. Be2 R4f6 38. Bd3 1/2-1/2

[Event "34th European Club Cup 2018"]
[Site "Halkidiki"]
[Date "2018.10.12"]
[Round "1"]
[White "Predojevic, Borki"]
[Black "Buscher, Michael"]
[Result "1-0"]
[WhiteElo "2616"]
[BlackElo "2393"]
[Annotator "TA"]
[PlyCount "61"]
[EventDate "2018.10.12"]
[EventType "team-tourn"]
[EventCountry "GRE"]
[SourceTitle "playchess.com"]
[Source "ChessBase"]
[SourceQuality "1"]
[WhiteTeam "Valerenga"]
[BlackTeam "Echiquier Amaytois"]

1. e4 c5 2. Nf3 d6 3. d4 cxd4 4. Nxd4 Nf6 5. Nc3 Nc6 6. Bg5 e6 7. Qd2 a6 8. O-O-O Bd7 9. f4 Be7 10. Nf3 b5 11. Bxf6 gxf6 12. Kb1 h5 13. g3 b4 14. Ne2 Qb6 15. Ned4 O-O-O 16. Bc4 Na5 17. Bd3 Nb7 18. c3 bxc3 19. Rc1 Nc5 20. Rxc3 Kb7 21. Nb3 Nxd3 22. Rxd3 Ka8 23. Na5 Rc8 24. Rb3 Qc5 25. Nd4 d5 26. Rb7 Rhd8 27. Ndb3 Qb5 28. Rxb5 Bxb5 29. exd5 Rxd5 30. Qe3 Bd8 31. Rc1 1-0

[Event "34th European Club Cup 2018"]
[Site "Halkidiki"]
[Date "2018.10.12"]
[Round "1"]
[White "Postny, Evgeny"]
[Black "Popovic, Milan S"]
[Result "1-0"]
[WhiteElo "2612"]
[BlackElo "2309"]
[Annotator "TA"]
[PlyCount "135"]
[EventDate "2018.10.12"]
[EventType "team-tourn"]
[EventCountry "GRE"]
[SourceTitle "playchess.com"]
[Source "ChessBase"]
[SourceQuality "1"]
[WhiteTeam "Beer Sheva"]
[BlackTeam "Partizan"]

1. d4 Nf6 2. c4 g6 3. Nc3 Bg7 4. e4 O-O 5. Nf3 c6 6. Be2 d5 7. e5 Ne4 8. O-O Nxc3 9. bxc3 dxc4 10. Bxc4 c5 11. dxc5 Qxd1 12. Rxd1 Nc6 13. Re1 Bg4 14. Rb1 Bxf3 15. gxf3 Bxe5 16. Rxb7 Bxc3 17. Re4 Bf6 18. Be3 Na5 19. Ba6 Nxb7 20. Bxb7 Rac8 21. c6 Rc7 22. Bxa7 Rfc8 23. Bxc8 Rxc8 24. Rc4 Be5 25. Bb6 Bc7 26. Bxc7 Rxc7 27. a4 Kf8 28. a5 Ke8 29. a6 Kd8 30. Rb4 Kc8 31. Rb6 Ra7 32. Kg2 Ra8 33. Kg3 h6 34. f4 f6 35. f5 gxf5 36. Kf4 Kc7 37. Rb7+ Kxc6 38. Rxe7 Kd6 39. Re2 Rxa6 40. Kxf5 Kd7 41. f4 Ra4 42. h4 h5 43. Rb2 Ke7 44. Rb6 Rc4 45. Re6+ Kf7 46. Rxf6+ Kg7 47. Re6 Kf7 48. Re5 Rc6 49. Rd5 Rf6+ 50. Kg5 Rg6+ 51. Kxh5 Rg1 52. Rf5+ Ke6 53. Rg5 Rh1 54. Kg6 Rxh4 55. Re5+ Kd6 56. Re4 Kd7 57. Kg5 Rh1 58. f5 Rg1+ 59. Kf6 Rf1 60. Kg6 Rg1+ 61. Kf7 Rf1 62. Rd4+ Kc7 63. f6 Rf2 64. Ke7 Re2+ 65. Kf8 Rf2 66. f7 Rf3 67. Rg4 Kd7 68. Kg7 1-0

[Event "34th European Club Cup 2018"]
[Site "Halkidiki"]
[Date "2018.10.12"]
[Round "1"]
[White "Chigaev, Maksim"]
[Black "Valner, Uku"]
[Result "1/2-1/2"]
[WhiteElo "2599"]
[BlackElo "2236"]
[Annotator "TA"]
[PlyCount "99"]
[EventDate "2018.10.12"]
[EventType "team-tourn"]
[EventCountry "GRE"]
[SourceTitle "playchess.com"]
[Source "ChessBase"]
[SourceQuality "1"]
[WhiteTeam "Molodezhka"]
[BlackTeam "Reval"]

1. e4 e6 2. d4 d5 3. Nc3 Bb4 4. e5 c5 5. a3 Bxc3+ 6. bxc3 Qc7 7. Nf3 Ne7 8. a4 b6 9. Bb5+ Bd7 10. Be2 Nbc6 11. O-O f6 12. exf6 gxf6 13. c4 O-O 14. Ba3 Na5 15. dxc5 bxc5 16. cxd5 Nxd5 17. Bb5 Rf7 18. Nd2 a6 19. Bxd7 Qxd7 20. Ne4 Qc6 21. Qg4+ Kh8 22. Nxc5 e5 23. Qe6 Rc7 24. Rfd1 Nf4 25. Qxc6 Rxc6 26. Bb4 Nc4 27. a5 Rb8 28. c3 Rb5 29. Rd8+ Kg7 30. Rd7+ Kg6 31. Ne4 Nd5 32. h4 h5 33. Bf8 Kf5 34. Re1 Rc7 35. Rd8 Rxa5 36. Ng3+ Kg6 37. Rd1 Nf4 38. Bb4 Rb5 39. Rg8+ Kf7 40. Rh8 Rbb7 41. Ra1 Kg7 42. Rd8 Ra7 43. Nf5+ Kg6 44. Nd6 Nxd6 45. Rxd6 Ne2+ 46. Kf1 Nxc3 47. Ba5 Rc4 48. Bxc3 Rxc3 49. Raxa6 Rxa6 50. Rxa6 1/2-1/2

[Event "34th European Club Cup 2018"]
[Site "Halkidiki"]
[Date "2018.10.12"]
[Round "1"]
[White "Potkin, Vladimir"]
[Black "Ladva, Ottomar"]
[Result "1-0"]
[WhiteElo "2597"]
[BlackElo "2500"]
[Annotator "TA"]
[PlyCount "125"]
[EventDate "2018.10.12"]
[EventType "team-tourn"]
[EventCountry "GRE"]
[SourceTitle "playchess.com"]
[Source "ChessBase"]
[SourceQuality "1"]
[WhiteTeam "Molodezhka"]
[BlackTeam "Reval"]

1. c4 e6 2. Nc3 d5 3. d4 a6 4. cxd5 exd5 5. Qb3 Nf6 6. Bg5 c6 7. e3 Be7 8. Bd3 O-O 9. Nf3 Nbd7 10. O-O Re8 11. h3 Nf8 12. Rae1 Ne4 13. Bf4 Nd6 14. Ne5 Ng6 15. Bh2 Nh4 16. f4 f6 17. Ng4 Kh8 18. Bg3 Bf5 19. Be2 Ng6 20. Bf2 Qd7 21. Nh2 Ne4 22. Nxe4 Bxe4 23. Nf3 a5 24. a3 a4 25. Qd1 b5 26. Nd2 b4 27. Nxe4 dxe4 28. Qc2 bxa3 29. bxa3 Bxa3 30. Ra1 Qd6 31. Ra2 f5 32. Rfa1 Bb4 33. Rxa4 Rxa4 34. Rxa4 Ne7 35. Ra6 Rc8 36. Bc4 h6 37. Bb3 Qb8 38. Be6 Rf8 39. g4 Qb5 40. Bc4 Qb7 41. gxf5 Nxf5 42. Qxe4 Bd2 43. Bd3 Qb4 44. Ra1 Qc3 45. Rb1 Qa3 46. h4 Qa2 47. Qe5 Qf7 48. Rb8 Rxb8 49. Qxb8+ Kh7 50. Qe5 g6 51. h5 Kg8 52. Qb8+ Kg7 53. Qe5+ Qf6 54. hxg6 Nxe3 55. Qc7+ Kf8 56. Qc8+ Ke7 57. Qc7+ Kf8 58. Bh4 Qe6 59. Qd8+ Kg7 60. Qc7+ Kf8 61. f5 Nxf5 62. Bxf5 Be3+ 63. Kh2 1-0

[Event "34th European Club Cup 2018"]
[Site "Halkidiki"]
[Date "2018.10.12"]
[Round "1"]
[White "Mastrovasilis, Dimitrios"]
[Black "Saraci, Nderim"]
[Result "1-0"]
[WhiteElo "2595"]
[BlackElo "2402"]
[Annotator "TA"]
[PlyCount "66"]
[EventDate "2018.10.12"]
[EventType "team-tourn"]
[EventCountry "GRE"]
[SourceTitle "playchess.com"]
[Source "ChessBase"]
[SourceQuality "1"]
[WhiteTeam "Thessalonikis"]
[BlackTeam "Drejtesia"]

1. e4 c5 2. Nf3 Nc6 3. d4 cxd4 4. Nxd4 g6 5. c4 Bg7 6. Be3 Nf6 7. Nc3 d6 8. Be2 O-O 9. O-O Bd7 10. Nb3 a5 11. Nd2 Ne5 12. h3 Bc6 13. f4 Ned7 14. Bf3 Ne8 15. Rc1 Nc7 16. Ndb1 Ne6 17. Na3 Nec5 18. Nab5 a4 19. Qe2 Qa5 20. Rfd1 a3 21. b3 Nxb3 22. axb3 Bxb5 23. Nxb5 a2 24. Bd4 Bxd4+ 25. Nxd4 Nc5 26. Qb2 Qb4 27. Ra1 e5 28. fxe5 dxe5 29. Nb5 Qxb3 30. Qxe5 Qe3+ 31. Kh2 Nb3 32. Nc7 Ra5 33. Nd5 Nxa1 1-0

[Event "34th European Club Cup 2018"]
[Site "Halkidiki"]
[Date "2018.10.12"]
[Round "1"]
[White "Goganov, Aleksey"]
[Black "Ledger, Stephen C"]
[Result "1-0"]
[WhiteElo "2592"]
[BlackElo "2020"]
[Annotator "TA"]
[PlyCount "77"]
[EventDate "2018.10.12"]
[EventType "team-tourn"]
[EventCountry "GRE"]
[SourceTitle "playchess.com"]
[Source "ChessBase"]
[SourceQuality "1"]
[WhiteTeam "St.Petersburg"]
[BlackTeam "Blackthorne"]

1. d4 Nf6 2. c4 c5 3. d5 b5 4. cxb5 a6 5. bxa6 Bxa6 6. Nc3 g6 7. e4 Bxf1 8. Kxf1 d6 9. g3 Bg7 10. Kg2 O-O 11. Nf3 Nbd7 12. a4 Qb6 13. Ra3 Rfb8 14. Qc2 Ne8 15. h4 h6 16. Nb5 Nc7 17. Nxc7 Qxc7 18. b3 Qb7 19. Bd2 e6 20. dxe6 fxe6 21. Re1 Rf8 22. Qd3 Qc6 23. Bf4 d5 24. exd5 exd5 25. Ra2 Rae8 26. Rae2 Rxe2 27. Qxe2 d4 28. Qe6+ Qxe6 29. Rxe6 Rf6 30. Rxf6 Nxf6 31. a5 Nd5 32. a6 d3 33. a7 Nb6 34. Bd6 Bf8 35. Bxf8 Kxf8 36. Ne5 d2 37. Nd7+ Ke7 38. Nxb6 d1=Q 39. a8=Q 1-0

[Event "34th European Club Cup 2018"]
[Site "Halkidiki"]
[Date "2018.10.12"]
[Round "1"]
[White "Bartel, Mateusz"]
[Black "Duijn, Rob"]
[Result "1-0"]
[WhiteElo "2591"]
[BlackElo "2169"]
[Annotator "TA"]
[PlyCount "93"]
[EventDate "2018.10.12"]
[EventType "team-tourn"]
[EventCountry "GRE"]
[SourceTitle "playchess.com"]
[Source "ChessBase"]
[SourceQuality "1"]
[WhiteTeam "Novy Bor"]
[BlackTeam "Deloitte"]

1. d4 d5 2. c4 c6 3. Nf3 Nf6 4. Nbd2 Bf5 5. Nh4 Bg6 6. Qb3 Qc8 7. Nxg6 hxg6 8. g3 e6 9. Bg2 Nbd7 10. O-O Bd6 11. Re1 O-O 12. cxd5 exd5 13. e4 dxe4 14. Nxe4 Nxe4 15. Bxe4 Re8 16. Bd2 Nf8 17. Qf3 Qd7 18. b4 Rad8 19. b5 cxb5 20. Bxb7 Rxe1+ 21. Rxe1 Ne6 22. Be3 Qe7 23. Rb1 b4 24. Bd5 Qf6 25. Rc1 Be7 26. Rc4 a5 27. Qe4 Qf5 28. Qxf5 gxf5 29. Bc6 Nc7 30. Ba4 Nd5 31. Bb3 Nb6 32. Rc6 Nd5 33. Ra6 Nc3 34. Rxa5 Ne2+ 35. Kf1 Nxd4 36. Bxd4 Rxd4 37. Rxf5 Bf6 38. h4 Rd7 39. h5 Bc3 40. g4 Re7 41. Kg2 Rc7 42. g5 Kf8 43. g6 f6 44. Rb5 Ke7 45. h6 f5 46. h7 Rc8 47. Bg8 1-0

[Event "34th European Club Cup 2018"]
[Site "Halkidiki"]
[Date "2018.10.12"]
[Round "1"]
[White "Vuckovic, Bojan"]
[Black "Bednarich, Jan"]
[Result "1-0"]
[WhiteElo "2588"]
[BlackElo "2200"]
[Annotator "TA"]
[PlyCount "129"]
[EventDate "2018.10.12"]
[EventType "team-tourn"]
[EventCountry "GRE"]
[SourceTitle "playchess.com"]
[Source "ChessBase"]
[SourceQuality "1"]
[WhiteTeam "Itaka"]
[BlackTeam "Bonnevoie"]

1. e4 e5 2. Nf3 Nc6 3. Bb5 a6 4. Ba4 Nge7 5. c3 g6 6. d4 exd4 7. cxd4 Bg7 8. d5 b5 9. Bc2 Na5 10. Nbd2 d6 11. Rb1 c5 12. O-O O-O 13. Re1 Bb7 14. b3 Qc7 15. Nf1 Rae8 16. Bb2 f6 17. Ne3 Bc8 18. Rc1 Nb7 19. Bd3 Bd7 20. h3 Qb6 21. Nh2 Rf7 22. Rc2 c4 23. bxc4 b4 24. Rce2 Nc5 25. Bc2 a5 26. Nf3 Nc8 27. Bd4 Qc7 28. Nd2 Nb6 29. Nb3 Nba4 30. Nxc5 Nxc5 31. Nf1 Ra8 32. f4 Nb7 33. Nd2 Bh6 34. e5 fxe5 35. fxe5 Bg7 36. Kh1 dxe5 37. Bxe5 Bxe5 38. Rxe5 Raf8 39. Re7 Qg3 40. Rxf7 Rxf7 41. Ne4 Qh4 42. Rf1 Bg4 43. Qe1 Rxf1+ 44. Qxf1 Bf5 45. Qe2 a4 46. Nf2 Bxc2 47. Qxc2 Nc5 48. Ng4 Qe1+ 49. Kh2 b3 50. axb3 axb3 51. Qb2 h5 52. Nh6+ Kh7 53. Nf7 Kg8 54. Qf6 b2 55. Ng5 Qe8 56. Qxb2 Nd3 57. Qf6 h4 58. d6 Qe5+ 59. Qxe5 Nxe5 60. c5 Kg7 61. Nf3 Nc6 62. d7 Kf6 63. Nd4 Nd8 64. c6 Ke7 65. c7 1-0

[Event "34th European Club Cup 2018"]
[Site "Halkidiki"]
[Date "2018.10.12"]
[Round "1"]
[White "Ivanisevic, Ivan"]
[Black "Aabling-Thomsen, Jakob"]
[Result "1-0"]
[WhiteElo "2583"]
[BlackElo "2388"]
[Annotator "TA"]
[PlyCount "69"]
[EventDate "2018.10.12"]
[EventType "team-tourn"]
[EventCountry "GRE"]
[SourceTitle "playchess.com"]
[Source "ChessBase"]
[SourceQuality "1"]
[WhiteTeam "Sloven Ruma"]
[BlackTeam "Bronshoj"]

1. d4 f5 2. c4 Nf6 3. Nc3 g6 4. h4 d6 5. h5 Nxh5 6. Rxh5 gxh5 7. e4 c6 8. Qxh5+ Kd7 9. Qxf5+ Kc7 10. Qa5+ b6 11. Qa4 Bg7 12. Be3 Bd7 13. c5 dxc5 14. dxc5 b5 15. Qc2 Kb7 16. Nf3 Be6 17. e5 Qc8 18. Bd3 Na6 19. a3 Nc7 20. Be4 Qg8 21. O-O-O Rd8 22. Rxd8 Qxd8 23. Nd4 Bd5 24. Nxd5 cxd5 25. c6+ Ka8 26. Bd3 Bxe5 27. a4 bxa4 28. Qxa4 Qb8 29. b4 Rg8 30. Nf3 d4 31. Nxe5 dxe3 32. Nd7 Qd8 33. fxe3 Rg4 34. Qa5 Qh8 35. Ne5 1-0

[Event "34th European Club Cup 2018"]
[Site "Halkidiki"]
[Date "2018.10.12"]
[Round "1"]
[White "Agrest, Evgenij"]
[Black "Dionisi, Thomas"]
[Result "1-0"]
[WhiteElo "2580"]
[BlackElo "2398"]
[Annotator "TA"]
[PlyCount "73"]
[EventDate "2018.10.12"]
[EventType "team-tourn"]
[EventCountry "GRE"]
[SourceTitle "playchess.com"]
[Source "ChessBase"]
[SourceQuality "1"]
[WhiteTeam "Team Viking"]
[BlackTeam "Bois-Colombes"]

1. d4 f5 2. Bf4 Nf6 3. e3 e6 4. Nf3 b6 5. Be2 Bb7 6. O-O g6 7. c4 Bg7 8. Nc3 d6 9. Qb3 Qe7 10. c5 O-O 11. cxd6 cxd6 12. Bc4 d5 13. Be2 Nc6 14. Nd2 Rac8 15. Rfc1 h6 16. h4 Ne4 17. Ndxe4 fxe4 18. Bg3 Bf6 19. Bg4 Kh7 20. Qa3 Qd7 21. Qd6 Qxd6 22. Bxd6 Rfe8 23. Nb5 Bxh4 24. Ba3 h5 25. Bh3 g5 26. g3 g4 27. Bf1 Be7 28. Bxe7 Rxe7 29. Nd6 Rec7 30. Nxc8 Rxc8 31. b4 Nxb4 32. Rxc8 Bxc8 33. Rc1 Ba6 34. Rc7+ Kg6 35. Bxa6 Nxa6 36. Rxa7 Nb4 37. a4 1-0

[Event "34th European Club Cup 2018"]
[Site "Halkidiki"]
[Date "2018.10.12"]
[Round "1"]
[White "Huzman, Alexander"]
[Black "Omorjan, Dejan"]
[Result "1-0"]
[WhiteElo "2571"]
[BlackElo "2249"]
[Annotator "TA"]
[PlyCount "77"]
[EventDate "2018.10.12"]
[EventType "team-tourn"]
[EventCountry "GRE"]
[SourceTitle "playchess.com"]
[Source "ChessBase"]
[SourceQuality "1"]
[WhiteTeam "Beer Sheva"]
[BlackTeam "Partizan"]

1. Nf3 Nf6 2. c4 g6 3. Nc3 d5 4. Qa4+ Bd7 5. Qb3 dxc4 6. Qxc4 Bg7 7. e4 O-O 8. e5 Ne8 9. d4 c6 10. Be2 Nc7 11. Qb3 b5 12. O-O Be6 13. Qd1 f6 14. Bf4 Nd5 15. Nxd5 Bxd5 16. a4 bxa4 17. Qxa4 Nd7 18. exf6 Nb6 19. Qc2 exf6 20. Nd2 Qe7 21. Rfe1 Rfe8 22. Nf1 Qf7 23. Ne3 Re4 24. Nxd5 cxd5 25. Be3 f5 26. Bf3 Re7 27. b3 f4 28. Bd2 Rxe1+ 29. Rxe1 Bxd4 30. Qd3 Bg7 31. Bxf4 Rd8 32. g3 g5 33. Bxg5 Rf8 34. Kg2 h6 35. Bf4 d4 36. Bg4 Re8 37. Rxe8+ Qxe8 38. Qf5 Qf7 39. Qe4 1-0

[Event "34th European Club Cup 2018"]
[Site "Halkidiki"]
[Date "2018.10.12"]
[Round "1"]
[White "David, Alberto"]
[Black "Rasmussen, Henning"]
[Result "1-0"]
[WhiteElo "2561"]
[BlackElo "2165"]
[Annotator "TA"]
[PlyCount "57"]
[EventDate "2018.10.12"]
[EventType "team-tourn"]
[EventCountry "GRE"]
[SourceTitle "playchess.com"]
[Source "ChessBase"]
[SourceQuality "1"]
[WhiteTeam "Padova"]
[BlackTeam "Jetsmark"]

1. e4 c6 2. Nc3 d5 3. d4 dxe4 4. Nxe4 Nf6 5. Nxf6+ exf6 6. c3 Bf5 7. Qf3 Qd5 8. Qxd5 cxd5 9. Ne2 Nc6 10. Nf4 O-O-O 11. Be2 g5 12. Nh5 Be7 13. O-O Rdg8 14. Be3 Be6 15. f4 f5 16. fxg5 Bxg5 17. Bxg5 Rxg5 18. Rae1 Rhg8 19. Bf3 Ne7 20. Nf4 Kd7 21. Rf2 R5g6 22. Rfe2 Rc8 23. Bh5 Rc6 24. Nd3 Rf6 25. Bxf7 Bxf7 26. Rxe7+ Kc8 27. Nc5 Bg6 28. Rg7 Rf7 29. Re8+ 1-0

[Event "34th European Club Cup 2018"]
[Site "Halkidiki"]
[Date "2018.10.12"]
[Round "1"]
[White "Christiansen, Johan-Sebastian"]
[Black "Noiroux, Kevin"]
[Result "1-0"]
[WhiteElo "2541"]
[BlackElo "2118"]
[Annotator "TA"]
[PlyCount "69"]
[EventDate "2018.10.12"]
[EventType "team-tourn"]
[EventCountry "GRE"]
[SourceTitle "playchess.com"]
[Source "ChessBase"]
[SourceQuality "1"]
[WhiteTeam "Valerenga"]
[BlackTeam "Echiquier Amaytois"]

1. Nf3 d5 2. c4 e6 3. g3 Nf6 4. Bg2 c6 5. O-O Nbd7 6. d4 Be7 7. Qc2 O-O 8. b3 b6 9. Bb2 Bb7 10. Nc3 dxc4 11. bxc4 c5 12. d5 exd5 13. cxd5 Nxd5 14. Nxd5 Bxd5 15. Rfd1 Be6 16. Ne5 Rc8 17. Bd5 Qc7 18. Bxe6 Nxe5 19. Bxc8 Rxc8 20. Qf5 Ng6 21. Rd7 Qb8 22. Rad1 Re8 23. Qg4 b5 24. h4 b4 25. h5 Ne5 26. Bxe5 Qxe5 27. Rxa7 h6 28. Rdd7 Kh8 29. Qc4 f5 30. Rd5 Qf6 31. Ra6 Qf7 32. Rxc5 Qxh5 33. Rc8 Rxc8 34. Qxc8+ Kh7 35. Ra5 1-0